zpět

Detail výsledku týmu

Duncan bar, Kladno

Datum a čas kvízu

22 Celkem bodů Celkový počet nahraných bodů na tomto kvízu bez doplňovacích otázek.
1. Pořadí na kvízu Konečné umístění týmu na tomto kvízu.

Zaznamenané odpovědi

# Otázka Odpověď Body Výsledky
1. Jak se jmenuje bývalý ministr... 0
2. Evropský soud pro lidská práva... 1
3. V neděli vystoupila v pražském... 0
4. Minulý týden proběhla jedna z... 0
5. V pátek začal nový ročník 1. č... 0.5
6. Pro pražské soutěžící bude tot... 1
7. Které dvě linky se kříží ve st... 1
8. Jak se za socialismu jmenovala... 1
9. V čem drží prvenství stanice N... 1
10. Celkem kolikrát projíždí trasa... 1